Спектрально-кинетические характеристики активированных Li, Bi кристаллов вольфрамата кадмия; Журнал прикладной спектроскопии; Т. 80, № 3
| Parent link: | Журнал прикладной спектроскопии.— , 1964- Т. 80, № 3.— 2013.— [С. 373-379] |
|---|---|
| Autor Corporativo: | |
| Otros Autores: | , , , , , |
| Sumario: | Заглавие с экрана Исследована импульсная катодолюминесценция кристаллов вольфрамата кадмия, легированных литием и висмутом. Показано, что в спектрах свечения кристаллов проявляется одна доминирующая полоса с максимумом 2.6 эВ. Кинетические кривые релаксации возбуждаемой импульсами потока электронов люминесценции в кристаллах CdWO 4, CdWO 4:Li, CdWO 4:Li+Bi подобны, описываются экспоненциальным законом с t = 13 мкс при 300 К. Обнаружено, что введение легирующих примесей не оказывает существенного влияния на световой выход люминесценции. Режим доступа: по договору с организацией-держателем ресурса |
| Lenguaje: | ruso |
| Publicado: |
2013
|
| Materias: | |
| Acceso en línea: | http://elibrary.ru/item.asp?id=19380534 |
| Formato: | MixedMaterials Electrónico Capítulo de libro |
| KOHA link: | https://koha.lib.tpu.ru/cgi-bin/koha/opac-detail.pl?biblionumber=639526 |
MARC
| LEADER | 00000naa0a2200000 4500 | ||
|---|---|---|---|
| 001 | 639526 | ||
| 005 | 20250217131034.0 | ||
| 035 | |a (RuTPU)RU\TPU\network\4013 | ||
| 090 | |a 639526 | ||
| 100 | |a 20150316d2013 k||y0rusy50 ca | ||
| 101 | 0 | |a rus | |
| 102 | |a RU | ||
| 135 | |a drnn ---uucaa | ||
| 181 | 0 | |a i | |
| 182 | 0 | |a b | |
| 200 | 1 | |a Спектрально-кинетические характеристики активированных Li, Bi кристаллов вольфрамата кадмия |d Spectral kinetic characteristics of Li,Bi-activated cadmium tungstate crystals |f В. М. Лисицын [и др.] | |
| 203 | |a Текст |c электронный | ||
| 300 | |a Заглавие с экрана | ||
| 320 | |a [Библиогр.: с. 379 (10 назв.)] | ||
| 330 | |a Исследована импульсная катодолюминесценция кристаллов вольфрамата кадмия, легированных литием и висмутом. Показано, что в спектрах свечения кристаллов проявляется одна доминирующая полоса с максимумом 2.6 эВ. Кинетические кривые релаксации возбуждаемой импульсами потока электронов люминесценции в кристаллах CdWO 4, CdWO 4:Li, CdWO 4:Li+Bi подобны, описываются экспоненциальным законом с t = 13 мкс при 300 К. Обнаружено, что введение легирующих примесей не оказывает существенного влияния на световой выход люминесценции. | ||
| 333 | |a Режим доступа: по договору с организацией-держателем ресурса | ||
| 461 | |t Журнал прикладной спектроскопии |d 1964- | ||
| 463 | |t Т. 80, № 3 |v [С. 373-379] |d 2013 | ||
| 510 | 1 | |a Spectral kinetic characteristics of Li,Bi-activated cadmium tungstate crystals |z eng | |
| 610 | 1 | |a электронный ресурс | |
| 610 | 1 | |a труды учёных ТПУ | |
| 610 | 1 | |a сцинтилляторы | |
| 610 | 1 | |a вольфраматы | |
| 610 | 1 | |a катодолюминесценция | |
| 701 | 1 | |a Лисицын |b В. М. |c физик |c профессор Томского политехнического университета, кандидат физико-математических наук |f 1939- |g Виктор Михайлович |3 (RuTPU)RU\TPU\pers\10510 |9 2237 | |
| 701 | 1 | |a Валиев |b Д. Т. |c специалист в области материаловедения |c доцент Томского политехнического университета, кандидат физико-математических наук |f 1987- |g Дамир Талгатович |3 (RuTPU)RU\TPU\pers\30033 |9 14467 | |
| 701 | 1 | |a Лисицына |b Л. А. | |
| 701 | 1 | |a Тупицына |b И. А. | |
| 701 | 1 | |a Полисадова |b Е. Ф. |c специалист в области светотехники |c профессор Томского политехнического университета, доктор физико-математических наук |f 1972- |g Елена Фёдоровна |3 (RuTPU)RU\TPU\pers\26065 |9 11903 | |
| 701 | 1 | |a Олешко |b В. И. |c специалист в области светотехники |c профессор Томского политехнического университета, доктор физико-математических наук |f 1948- |g Владимир Иванович |3 (RuTPU)RU\TPU\pers\27390 |9 12727 | |
| 712 | 0 | 2 | |a Национальный исследовательский Томский политехнический университет (ТПУ) |b Институт физики высоких технологий (ИФВТ) |b Кафедра лазерной и световой техники (ЛиСТ) |3 (RuTPU)RU\TPU\col\18690 |
| 801 | 2 | |a RU |b 63413507 |c 20150321 |g RCR | |
| 856 | 4 | |u http://elibrary.ru/item.asp?id=19380534 | |
| 942 | |c CF | ||